01808nam a2200409 a 4500001001000000003000500010005001700015008004100032010001100073011001100084040000900095090001000104100004000114245016700154260006000321500006000381502009700441590004100538590004100579590003700620590004100657590004000698590004000738590004000778650005500818650004200873650004400915650004500959856001601004856007001020901000701090942001001097942000601107999001901113952013101132952013501263000113497CHAP20250613133125.0170725s2016 mx a fsm |||||||spa d a109958 a110930 cCHAP aTesis1 aBenitez Marcial, Elizabeth.913282310aEfecto bioinsecticida de aceites esenciales y extractos de plantas en el control de Dysmicoccus brevipes en piña /h[En línea]cpor Elizabeth Benitez Marcial. aSan José Puyacatengo, Teapa, Tab. :bEl autor,c2016. aPara ver el contenido del material haga clic en la liga aTesis (Ing. Agr. Esp. en Zonas Tropicales) -- UACH. Unidad Regional Universitaria Sursureste aBATCH-UPDb05c20170726lUCH01h1041 aBATCH-UPDb10c20170726lUCH01h1048 aBATCHb00c20181121lUCH01h0759 aE11695DGDb10c20170726lUCH01h1048 aE6096MTMb05c20170725lUCH01h1453 aE6096MTMb05c20170725lUCH01h1454 aE6096MTMb05c20170725lUCH01h145514aAceites esenciales como control de plagas.913284514aControl biológico de plagas.92758714aInsecticidas de origen vegetal.912897217aPiña (Ananas comosus)xPlagas2988418 a1 n0000927 aFinding aiduhttp://10.13.5.2/tesis/sist113497.pdfzTeclea aquí aBK cTESIS n0 c109958d109958 00104054718TESISaBCbBCd2017-07-25fTESISl0oTesisp113499-10r2019-12-31 00:00:00w2019-12-31yTESISzRecien adquirido 00102local4053708TESISaBCbBCcPA_TESISd2017-07-25fTESISl0oTesisp113499-20r2019-12-31 00:00:00tc.2w2019-12-31yTESIS